| 000 | 01036nam a2200217Ia 4500 | ||
|---|---|---|---|
| 003 | Ost | ||
| 005 | 20260507075735.0 | ||
| 008 | 260507s9999||||xx |||||||||||||| ||und|| | ||
| 040 | _cfsecg | ||
| 041 | _aara | ||
| 082 | _a330.121 | ||
| 100 |
_aالكفراوي، عوف محمود _eمؤلف |
||
| 245 | 0 |
_aالنظام المالي الاسلامي : _bدراسة مقارنة / _c عوف محمود الكفراوي |
|
| 250 | _aطبعة 2 مزيدة ومنقحة | ||
| 260 |
_aالاسكندرية: _bمؤسسة الثقافة الجامعية, _c2003 |
||
| 300 |
_a445 صفحة؛ _c24 سم |
||
| 504 | _aببليوغرافيا: ص.426 | ||
| 520 | _aماهية النظام المالي الاسلامي،نظرية الاسلام للملكية،الملكية الخاصة في الاسلام-الملكية الجماعية،الموارد المالية للدولة الاسلامية،النفقات العامة في الدولة الاسلامية | ||
| 653 | _aالاقتصاد الاسلامي | ||
| 942 | _cكتاب | ||
| 999 |
_c46082 _d46082 |
||